|
|
|
|
| LEADER |
00000nam a22000007a 4500 |
| 005 |
20191118134844.0 |
| 007 |
cr|||| |||| |
| 008 |
191118s2019 mx |||||s|||| 00||0 spa d |
| 020 |
|
|
|a 978-607-8552-93-1
|
| 035 |
|
|
|a 23910
|
| 040 |
|
|
|a vLex
|
| 090 |
|
|
|c 10043
|d 10043
|
| 100 |
1 |
|
|a Flores Mendoza, Rosala̕ Luca̕
|
| 245 |
1 |
0 |
|a Evaluacin̤ del desempeǫ del Gobierno Corporativo
|h [Recurso electrn̤ico] /
|c Rosala̕ Luca̕ Flores Mendoza, Miguel ℓngel Cervantes Penagos
|
| 256 |
|
|
|a Servicio en ln̕ea
|
| 260 |
|
|
|a Ciudad de Mx̌ico:
|b Instituto Mexicano de Contadores Pb︢licos,
|c 2019
|
| 300 |
|
|
|a 1 recurso electrn̤ico
|
| 500 |
|
|
|a Evaluacin̤ del desempeǫ del Gobierno Corporativo se centra en el estudio de los comitš que integran el Consejo de Administracin̤ de las sociedades ann̤imas mexicanas. Partiendo de una perspectiva histr̤ica, el texto revisa los fundamentos ter̤icos y el panorama de los modelos internacionales del gobierno corporativo vigentes.Los cinco capt̕ulos en que est ̀dividida la obra exponen algunas realidades de las sociedades ann̤imas mexicanas que no cotizan en bolsa, y profundizan en las facultades y obligaciones del comit ̌de nominaciones, remuneraciones y evaluacin̤ del desempeǫ. Asimismo, el texto propone un modelo de evaluacin̤ que, con su respectiva adaptacin̤ a las realidades de cada entidad, puede ser aplicado para llevar a cabo la evaluacin̤ del desempeǫ estratǧico de los miembros de sus comitš y de su alta direccin̤.Este modelo propuesto colige algunas respuestas a importantes cuestionamientos: ¿qu ̌se mide?, ¿cm̤o se mide?, ¿quiňes son los responsables de la evaluacin̤?, ¿cul̀es son los procesos de medicin̤ y los mťodos de evaluacin̤? y ¿cuǹdo debe evaluarse?, principalmente con la finalidad de elaborar planes formales de remuneraciones y compensaciones que coadyuven al funcionamiento del sistema de gobierno corporativo.
|
| 506 |
1 |
|
|a Disponible solo en los productos indicados
|d vLex Global
|d vLex Global (Academic Edition, excluding Law Schools)
|d vLex Global (U.S. Academic Edition, Law Schools)
|d vLex Global (U.S. Academic Edition, excluding Law Schools)
|d vLex Global (Academic Edition, Law Schools)
|
| 650 |
0 |
4 |
|a Inspeccin̤ tributaria
|z Mx̌ico
|
| 700 |
1 |
|
|a Cervantes Penagos, Miguel ℓngel
|
| 740 |
0 |
|
|a vLex Libros (Servicio en ln̕ea)
|
| 856 |
4 |
0 |
|u http://vlex.com/source/evaluacion-del-desempe-o-del-gobierno-corporativo-23910
|z Acceso restringido
|
| 942 |
|
|
|c BOOK
|
| 999 |
0 |
|
|a Tax inspection
|